• 首页
  • 本馆介绍
  • 公告通知
  • 最新文献
  • 馆藏检索
  • 电子资源
  • 读者导购
  • 参考咨询
  • 我的图书馆
  • 登录
  • 详细信息显示
  • 放入我的书架
  • 预约/预借图书
  • 作者相关作品
  • 分类相关作品
  • 丛书相关作品
  • 出版社相关作品

书目信息

  • 表格格式
  • 工作单格式
  • 卡片格式
题名:
建筑施工企业会计核算操作指引
    
 
作者: 李桂君 , 孙震 , 李慧玲 编著
分册:  
出版信息: 北京   中国建筑工业出版社  2018
页数: 444页
开本: 24cm
丛书名: 财务管理轻松学
单 册:
中图分类: F407.906.72 , F407
科图分类:
主题词: 建筑施工企业--工业会计
电子资源:
ISBN: 978-7-112-22452-4
000 01401nam 2200301 450
001 2370738499
005 20231202194835.08
010    @a978-7-112-22452-4@dCNY65.00
100    @a20181212d2018 em y0chiy50 ea
101 0  @achi
102    @aCN@b110000
105    @aak a 000yy
200 1  @a建筑施工企业会计核算操作指引@Ajian zhu shi gong qi ye kuai ji he suan cao zuo zhi yin@f李桂君 ... [等] 编著
210    @a北京@c中国建筑工业出版社@d2018
215    @a444页@c图@d24cm
225 2  @a财务管理轻松学@Acai wu guan li qing song xue
304    @a题名页题: 李桂君, 孙震, 李慧玲, 胡相球, 王飞跃编著
320    @a有书目 (第444页)
330    @a本书以最新的会计准则及其解释和最新的税收政策为依据, 力求从实务出发, 让实际操作人员有章可循, 结合编者多年从事建筑施工企业会计教育的经验和施工企业会计实践调研的情况, 通过列举和剖析大量建筑施工企业会计实际案例, 翔实地说明了建筑施工企业具体业务最新的账务处理及最常用的税法知识。本书由具有丰富的建筑施工财务管理知识人员和具有近20年实操经验的一线人员联合编写, 在最大程度上体现了理论与实践的结合, 期望能够给广大建筑施工企业的财务工作人员予以借鉴和参考。
410  0 @12001 @a财务管理轻松学
606 0  @a建筑施工企业@x工业会计
690    @aF407.906.72@v5
690    @aF407@v4
701  0 @a李桂君@Ali gui jun@4编著
701  0 @a孙震@Asun zhen@4编著
701  0 @a李慧玲@Ali hui ling@4编著
801  0 @aCN@b湖北三新@c20181212
905    @aZUCC@dF407@e7
    
    建筑施工企业会计核算操作指引/李桂君 ... [等] 编著.-北京:中国建筑工业出版社,2018
    444页:图;24cm.-(财务管理轻松学)
    
    
    ISBN 978-7-112-22452-4:CNY65.00
    本书以最新的会计准则及其解释和最新的税收政策为依据, 力求从实务出发, 让实际操作人员有章可循, 结合编者多年从事建筑施工企业会计教育的经验和施工企业会计实践调研的情况, 通过列举和剖析大量建筑施工企业会计实际案例, 翔实地说明了建筑施工企业具体业务最新的账务处理及最常用的税法知识。本书由具有丰富的建筑施工财务管理知识人员和具有近20年实操经验的一线人员联合编写, 在最大程度上体现了理论与实践的结合, 期望能够给广大建筑施工企业的财务工作人员予以借鉴和参考。
●
相关链接 在五车中查询图书 在当当中查询图书 在豆瓣中查询图书


正题名:建筑施工企业会计核算操作指引     索取号:F407/7         预约/预借

序号 登录号 条形码 馆藏地/架位号 状态 备注
1 2001289106   2001289106   320书库/ [索取号:F407/7] 在馆    
2 2001289107   2001289107   320书库/ [索取号:F407/7] 在馆    
3 2001289108   2001289108   320书库/ [索取号:F407/7] 在馆    
4 2001289109   2001289109   320书库/ [索取号:F407/7] 在馆    
5 2001289110   2001289110   320书库/ [索取号:F407/7] 在馆    
6 2001289111   2001289111   320书库/ [索取号:F407/7] 在馆    
7 2001289112   2001289112   320书库/ [索取号:F407/7] 在馆    
8 2001289113   2001289113   320书库/ [索取号:F407/7] 在馆    
9 2001289114   2001289114   320书库/ [索取号:F407/7] 在馆    
10 2001289115   2001289115   320书库/ [索取号:F407/7] 在馆    
11 2001289116   2001289116   320书库/ [索取号:F407/7] 在馆    
12 2001289117   2001289117   320书库/ [索取号:F407/7] 在馆    
13 2001289118   2001289118   320书库/ [索取号:F407/7] 在馆    
14 2001289119   2001289119   320书库/ [索取号:F407/7] 在馆    
15 2001289120   2001289120   320书库/ [索取号:F407/7] 在馆    
16 2001289121   2001289121   320书库/ [索取号:F407/7] 在馆    
17 2001289122   2001289122   320书库/ [索取号:F407/7] 在馆    
18 2001289123   2001289123   320书库/ [索取号:F407/7] 在馆    
19 2001289124   2001289124   320书库/ [索取号:F407/7] 在馆    
20 2001289125   2001289125   320书库/ [索取号:F407/7] 在馆    
21 2001289126   2001289126   320书库/ [索取号:F407/7] 在馆    
22 2001289127   2001289127   320书库/ [索取号:F407/7] 在馆    
23 2001289128   2001289128   320书库/ [索取号:F407/7] 在馆    
24 2001289129   2001289129   320书库/ [索取号:F407/7] 在馆    
25 2001304144   2001304144   320书库/ [索取号:F407/7] 在馆    
26 2001304145   2001304145   320书库/ [索取号:F407/7] 在馆    
27 2001304146   2001304146   320书库/ [索取号:F407/7] 在馆    
28 2001304147   2001304147   320书库/ [索取号:F407/7] 在馆    
29 2001304148   2001304148   320书库/ [索取号:F407/7] 在馆    
30 2001304149   2001304149   320书库/ [索取号:F407/7] 在馆    
山东省滨州职业学院图书馆 欢迎您!
大连网信软件有限公司© 版权所有